000 00338 a2200169 4500
001 186839
020 _a85-322-2587-X
040 _cMagnum
100 _aGenofre, Godofredo
240 1 0 _aO mexilhao
_lpor
245 1 0 _aO mexilhao
300 _a12
362 0 _a1997
440 1 _aFTD
697 _aLITERATURA INFANTIL
942 _cBK
999 _c186839
_d186839